Movie by Quote: Famous Actors Quiz Stats

 Plays Quiz Updated Jun 7, 2015

Challenge
Share
Tweet
Embed
Score 0/27 Timer 06:00
3 Plays Today
Actor Film name % Correct
Jack NicholsonThe Shining
91.9%
Tom HanksApollo 13
91.8%
Tom HanksForrest Gump
89.2%
Bruce WillisDie Hard
84.4%
Robert De NiroTaxi Driver
83.8%
Al PacinoScarface
83.7%
Robert De NiroMeet the Parents
79.7%
Tom CruiseTop Gun
78.9%
Tom HanksBig
77.8%
Jack NicholsonA Few Good Men
76.6%
George ClooneyOcean's Eleven
75.4%
Tom CruiseJerry Maguire
74.2%
Brad PittSe7en
71.2%
Jim CarreyThe Truman Show
66.9%
Actor Film name % Correct
Jim CarreyAce Ventura: Pet Detective
65.6%
Robert De NiroGoodfellas
64.7%
Jim CarreyLiar Liar
64.3%
Tom CruiseRain Man
59.8%
Jack NicholsonBatman
56.7%
Brad PittFight Club
53.6%
George ClooneyO Brother, Where Art Thou?
51.6%
Bruce WillisPulp Fiction
50.5%
Al PacinoThe Godfather: Part III
45%
Bruce WillisArmageddon
41%
Al PacinoDog Day Afternoon
36.8%
Brad PittSnatch
36.1%
George ClooneyThe Descendants
21.1%

You're not logged in!

Compare scores with friends on all Sporcle quizzes.
Join for Free
OR
Log In

You Might Also Like...

Show Comments

Extras

Top Quizzes Today


Score Distribution

Your Account Isn't Verified!

In order to create a playlist on Sporcle, you need to verify the email address you used during registration. Go to your Sporcle Settings to finish the process.

Report this User

Report this user for behavior that violates our Community Guidelines.

Details: